| 000 | 01878nam0a2200337 4500 | ||
|---|---|---|---|
| 001 | RU\NLR\bibl\1788610 | ||
| 005 | 20250616141832.0 | ||
| 010 |
_a978-5-94705-221-3 _9500 |
||
| 021 |
_aRU _b2011-45354 _93218 |
||
| 035 | _a(NLR Aleph) 001779324 | ||
| 090 |
_a1687484 _c1687484 |
||
| 100 | _a20110713d2010 |||y0rusy50 ca | ||
| 101 | 0 | _arus | |
| 102 | _aRU | ||
| 105 | _ay ||||||||| | ||
| 200 | 1 |
_aПроблемы социальной справедливости в полиэтничном регионе _eмонография _fФ.С. Файзуллин _gМ-во образования Респ. Башкортостан, Акад. наук Респ. Башкортостан, Ин-т гуманит. исслед., ГОУ ВПО Уфим. гос. авиац. техн. ун-т |
|
| 210 |
_aУфа _cРИО РУНМЦ МО РБ _d2010 |
||
| 215 |
_a132 с. _d21 |
||
| 300 | _aНа 4-й с. обл. авт.: Файзуллин Ф.С. - акад. Акад. наук Респ. Башкортостан, Междунар. акад. информатизации, Рос. акад. естеств. наук, Рос. акад. гуманит. наук, д.филос.н., проф., засл. деят. науки Респ. Башкортостан | ||
| 320 | _aБиблиогр.: с. 129-131 (70 назв.) и в подстроч. примеч. | ||
| 606 | 1 |
_aСправедливость социальная _91669842 _3RU\NLR\auth\661039365 |
|
| 606 | 1 |
_aНациональные отношения _xСоциально-философские вопросы _92223384 _3RU\NLR\auth\661334921 |
|
| 686 | _aС550.52 | ||
| 686 | _aС550.67 | ||
| 700 | 1 |
_aФайзуллин _bФ. С. _gФаниль Саитович _4070 |
|
| 801 | 0 |
_aRU _bNLR _c20110713 _gRCR |
|
| 801 | 1 |
_aRU _bNLR _c20110713 |
|
| 830 | _aавт. по кн. | ||
| 942 | _cBOOK | ||
| 980 | _aNB | ||